[Event "Jastrzebia Gora Fianchetto op"]
[Site "Jastrzebia Gora"]
[Date "2014.??.??"]
[Round "1"]
[White "Dembowski, Andrzej"]
[Black "Kondrusik, Aleksander"]
[Result "1-0"]
[WhiteElo "1905"]
[BlackElo "1530"]
[PlyCount "60"]
[EventDate "2014.08.31"]
[EventType "swiss"]
[EventRounds "9"]
[EventCountry "POL"]
[SourceTitle "CBM 162 Extra"]
[Source "ChessBase"]
[SourceDate "2014.10.17"]
[SourceVersion "1"]
[SourceVersionDate "2014.10.17"]
[SourceQuality "1"]

1. Nf3 Nf6 2. g3 d5 3. Bg2 e6 4. d3 b6 5. Nbd2 Bb7 6. 0-0 Be7 7. b3 Nbd7 8. Bb2 0-0 9. c4 c5 10. e3 Qc7 11. Rc1 Rac8 12. Qe2 Qd8 13. Rfd1 Ne8 14. cxd5 exd5 15. d4 Bf6 16. Qd3 Nd6 17. Bh3 Rc7 18. Ne5 Bc8 19. f4 Bxe5 20. dxe5 Nxe5 21. fxe5 Bxh3 22. exd6 Qxd6 23. Nf3 Bg4 24. Rf1 f6 25. Rcd1 Rd7 26. Rde1 Re8 27. Nh4 Rde7 28. Nf5 Bxf5 29. Rxf5 Rd7 30. Rd1 Red8 1-0

[Event "Rowy op 09"]
[Site "Rowy"]
[Date "2012.09.??"]
[Round "4"]
[White "Dembowski, Andrzej"]
[Black "Najdzionek, Boleslaw"]
[Result "1/2-1/2"]
[WhiteElo "1911"]
[BlackElo "1921"]
[PlyCount "52"]
[EventDate "2012.09.??"]
[EventType "swiss"]
[EventRounds "9"]
[EventCountry "POL"]
[SourceTitle "EXT 2014"]
[Source "ChessBase"]
[SourceDate "2013.11.20"]
[SourceVersion "1"]
[SourceVersionDate "2013.11.20"]
[SourceQuality "1"]

1. Nf3 Nf6 2. g3 g6 3. Bg2 Bg7 4. d3 d5 5. 0-0 0-0 6. c3 c5 7. Nbd2 Nc6 8. Re1 e5 9. e4 d4 10. cxd4 cxd4 11. Nc4 Bg4 12. h3 Bxf3 13. Bxf3 b5 14. Nd2 Rc8 15. a3 h5 16. h4 Qd6 17. b4 Ne7 18. Nb3 Nd7 19. Bd2 Rc7 20. Bg2 Nc8 21. Bh3 Ncb6 22. Rf1 Na4 23. f4 exf4 24. gxf4 Nc3 25. Qf3 f6 26. Qf2 Rd8 1/2-1/2

[Event "Polanica Zdroj op Seniors 45th"]
[Site "Polanica Zdroj"]
[Date "2009.08.18"]
[Round "1"]
[White "Szczerbak, Stefan"]
[Black "Dembowski, Andrzej"]
[Result "0-1"]
[WhiteElo "1639"]
[BlackElo "1979"]
[PlyCount "21"]
[EventDate "2009.08.18"]
[EventType "swiss"]
[EventRounds "9"]
[EventCountry "POL"]
[SourceTitle "EXT 2012"]
[Source "ChessBase"]
[SourceDate "2011.11.24"]
[SourceVersion "1"]
[SourceVersionDate "2011.11.24"]
[SourceQuality "1"]

1. Nf3 Nf6 2. d4 g6 3. e3 Bg7 4. Nbd2 d6 5. e4 e6 6. b4 0-0 7. Bb2 Qe7 8. Bd3 Nbd7 9. Qe2 e5 10. dxe5 dxe5 11. Ng5 0-1

[Event "Brandenburg-ch Seniors 18th"]
[Site "Rowy"]
[Date "2009.06.28"]
[Round "7"]
[White "Dembowski, Andrzej"]
[Black "Thiele, Guenter"]
[Result "1-0"]
[WhiteElo "1968"]
[BlackElo "1888"]
[PlyCount "57"]
[EventDate "2009.06.22"]
[EventType "swiss"]
[EventRounds "9"]
[EventCountry "POL"]
[SourceTitle "EXT 2022"]
[Source "ChessBase"]
[SourceDate "2021.10.06"]
[SourceVersion "1"]
[SourceVersionDate "2021.10.06"]
[SourceQuality "1"]

1. Nf3 Nf6 2. g3 g6 3. Bg2 Bg7 4. 0-0 0-0 5. d3 d6 6. e4 e5 7. Nbd2 Nc6 8. c3 Bd7 9. h3 Qc8 10. Kh2 Ne7 11. Nc4 b5 12. Ne3 c5 13. Ne1 Nh5 14. a4 bxa4 15. Nc4 Qc7 16. f4 Bc6 17. f5 f6 18. fxg6 hxg6 19. Qg4 Kf7 20. Qe2 Rh8 21. g4 Nf4 22. Bxf4 exf4 23. Nf3 g5 24. d4 d5 25. exd5 Bxd5 26. Rxa4 cxd4 27. cxd4 Qd7 28. Raa1 Qxg4 29. Nfe5+ 1-0

[Event "Brandenburg-ch Seniors 18th"]
[Site "Rowy"]
[Date "2009.06.24"]
[Round "3"]
[White "Dembowski, Andrzej"]
[Black "Schenk, Dieter"]
[Result "1-0"]
[WhiteElo "1968"]
[BlackElo "1760"]
[PlyCount "101"]
[EventDate "2009.06.22"]
[EventType "swiss"]
[EventRounds "9"]
[EventCountry "POL"]
[SourceTitle "EXT 2022"]
[Source "ChessBase"]
[SourceDate "2021.10.06"]
[SourceVersion "1"]
[SourceVersionDate "2021.10.06"]
[SourceQuality "1"]

1. g3 d5 2. Nf3 Nc6 3. d4 Bg4 4. Bg2 Qd7 5. h3 Bxf3 6. Bxf3 e6 7. Bg2 Nf6 8. c3 Bd6 9. 0-0 0-0 10. Nd2 e5 11. dxe5 Nxe5 12. Nb3 c6 13. Qc2 Rfe8 14. Be3 Nc4 15. Bd4 Qe6 16. Bxf6 Qxf6 17. e3 Bf8 18. Rad1 Rad8 19. Nd4 Nd6 20. b3 Qg6 21. Qxg6 hxg6 22. Rc1 Ne4 23. Rfd1 Bc5 24. Bxe4 dxe4 25. Ne2 Ba3 26. Rb1 Kf8 27. Kf1 Be7 28. Ke1 Bf6 29. Rxd8 Rxd8 30. Rd1 Rd3 31. Rc1 Ke7 32. Rc2 g5 33. c4 Be5 34. Nc1 Rd6 35. Ke2 Rh6 36. Kf1 Rxh3 37. Kg2 Rh6 38. c5 Rh8 39. Rc4 f5 40. f3 exf3+ 41. Kxf3 Rh2 42. g4 Rh3+ 43. Ke2 f4 44. Re4 Rxe3+ 45. Rxe3 fxe3 46. Nd3 Bf4 47. Nb2 Be5 48. Nd3 Bd4 49. Kf3 Ke6 50. Ke4 a5 51. Kxd4 1-0

[Event "Katy Rybackie op"]
[Site "Katy Rybackie"]
[Date "2009.06.20"]
[Round "8"]
[White "Galyga, Jozef"]
[Black "Dembowski, Andrzej"]
[Result "0-1"]
[WhiteElo "1944"]
[BlackElo "1979"]
[PlyCount "78"]
[EventDate "2009.06.14"]
[EventType "swiss"]
[EventRounds "9"]
[EventCountry "POL"]
[SourceTitle "CBM 131 Extra"]
[Source "ChessBase"]
[SourceDate "2009.09.03"]
[SourceVersion "2"]
[SourceVersionDate "2009.09.16"]
[SourceQuality "1"]

1. e4 c5 2. Nf3 Nc6 3. d3 g6 4. g3 Bg7 5. Bg2 Nf6 6. 0-0 d5 7. exd5 Nxd5 8. Nbd2 0-0 9. Re1 e6 10. a4 Qc7 11. Nc4 b6 12. Ng5 Bb7 13. c3 Rad8 14. Qe2 Bc8 15. h4 h5 16. Ne4 Ba6 17. Bg5 Rd7 18. Rad1 Nce7 19. Qc2 Nf5 20. Qb3 Bb7 21. a5 Bc6 22. axb6 axb6 23. Na3 f6 24. Bc1 Kh7 25. Nb5 Qb8 26. Nd2 Re8 27. Nc4 Bf8 28. Be4 Nxg3 29. Nba3 Rb7 30. Qc2 Nxe4 31. dxe4 Nf4 32. e5 Ng2 33. Re4 f5 34. f3 fxe4 35. Kxg2 exf3+ 36. Kf2 Bd5 37. Rg1 Rg7 38. Rg5 Kg8 39. Rxg6 Qd8 0-1

[Event "Katy Rybackie op"]
[Site "Katy Rybackie"]
[Date "2009.06.16"]
[Round "3"]
[White "Dembowski, Andrzej"]
[Black "Hodowany, Wojciech"]
[Result "0-1"]
[WhiteElo "1979"]
[BlackElo "1830"]
[PlyCount "55"]
[EventDate "2009.06.14"]
[EventType "swiss"]
[EventRounds "9"]
[EventCountry "POL"]
[SourceTitle "CBM 131 Extra"]
[Source "ChessBase"]
[SourceDate "2009.09.03"]
[SourceVersion "2"]
[SourceVersionDate "2009.09.16"]
[SourceQuality "1"]

1. g3 d5 2. Nf3 Nf6 3. Bg2 e6 4. d3 Be7 5. e3 Nbd7 6. a4 0-0 7. 0-0 c5 8. Nbd2 Re8 9. e4 dxe4 10. dxe4 a6 11. e5 Nd5 12. Qe2 Nf8 13. Re1 Bd7 14. a5 Ng6 15. Nf1 Qc7 16. N3d2 Bc6 17. f4 Ndxf4 18. gxf4 Nxf4 19. Qg4 Nxg2 20. Re2 Nh4 21. Ng3 Rad8 22. Nh5 Ng6 23. Ne4 Bxe4 24. Rxe4 Rd5 25. Bf4 Qd7 26. Rae1 Rd8 27. Kg2 Nh4+ 28. Kh3 0-1

[Event "Rowy Veterans 14th"]
[Site "Rowy"]
[Date "2008.08.30"]
[Round "1.13"]
[White "Wiszniowski, Eugeniusz"]
[Black "Dembowski, Andrzej"]
[Result "1/2-1/2"]
[WhiteElo "1780"]
[BlackElo "2006"]
[PlyCount "40"]
[EventDate "2008.08.30"]
[EventType "swiss"]
[EventRounds "9"]
[EventCountry "POL"]
[SourceTitle "EXT 2023"]
[Source "ChessBase"]
[SourceDate "2022.10.05"]
[SourceVersion "1"]
[SourceVersionDate "2022.10.05"]
[SourceQuality "1"]

1. b4 e6 2. Bb2 d5 3. Nf3 Nd7 4. e3 Ngf6 5. c4 c6 6. a3 Be7 7. cxd5 exd5 8. Be2 a6 9. 0-0 0-0 10. d4 Re8 11. Nbd2 Bd6 12. Qc2 Qe7 13. h3 Nf8 14. Rfe1 Ng6 15. Bf1 Bd7 16. Nb3 Rad8 17. Nc5 Bc8 18. Re2 Nd7 19. Na4 Qf6 20. Rae1 Nh4 1/2-1/2

[Event "Brandenburg-ch Seniors 17th"]
[Site "Rowy"]
[Date "2008.07.02"]
[Round "9"]
[White "Dembowski, Andrzej"]
[Black "Baumbach, Friedrich"]
[Result "1/2-1/2"]
[WhiteElo "1916"]
[BlackElo "2205"]
[PlyCount "50"]
[EventDate "2008.06.23"]
[EventType "swiss"]
[EventRounds "9"]
[EventCountry "POL"]
[SourceTitle "EXT 2022"]
[Source "ChessBase"]
[SourceDate "2021.10.06"]
[SourceVersion "1"]
[SourceVersionDate "2021.10.06"]
[SourceQuality "1"]

1. g3 d5 2. Nf3 g6 3. Bg2 Bg7 4. 0-0 e5 5. d3 Ne7 6. c3 c5 7. Nbd2 0-0 8. e4 d4 9. cxd4 cxd4 10. Nc4 Nbc6 11. a4 Be6 12. b3 f6 13. Ba3 Qd7 14. Nfd2 Rf7 15. Nd6 Rff8 16. f4 Nc8 17. N2c4 Nxd6 18. Nxd6 Rfd8 19. f5 Bf7 20. Nxf7 Qxf7 21. fxg6 hxg6 22. Bh3 Bh6 23. Rb1 Be3+ 24. Kg2 Kg7 25. Bg4 a5 1/2-1/2

[Event "Brandenburg-ch Seniors 17th"]
[Site "Rowy"]
[Date "2008.07.01"]
[Round "8"]
[White "Hoppe, Rainer"]
[Black "Dembowski, Andrzej"]
[Result "0-1"]
[WhiteElo "1828"]
[BlackElo "1916"]
[PlyCount "68"]
[EventDate "2008.06.23"]
[EventType "swiss"]
[EventRounds "9"]
[EventCountry "POL"]
[SourceTitle "EXT 2022"]
[Source "ChessBase"]
[SourceDate "2021.10.06"]
[SourceVersion "1"]
[SourceVersionDate "2021.10.06"]
[SourceQuality "1"]

1. e4 c5 2. c4 Nc6 3. Nc3 e6 4. g3 g6 5. Bg2 Bg7 6. Nge2 Nge7 7. d3 0-0 8. Be3 d6 9. Qd2 Nd4 10. 0-0 Rb8 11. Bh6 a6 12. Bxg7 Kxg7 13. Nxd4 cxd4 14. Ne2 e5 15. Rac1 Be6 16. a3 f5 17. f4 Qc7 18. b4 fxe4 19. Bxe4 Bf5 20. Bxf5 Nxf5 21. fxe5 dxe5 22. Qg5 Rbe8 23. Qg4 Qc6 24. Qe4 Qxe4 25. dxe4 Nd6 26. c5 Nxe4 27. a4 Rxf1+ 28. Kxf1 Kf6 29. b5 axb5 30. axb5 Ke6 31. c6 bxc6 32. Rxc6+ Kd5 33. Rc7 Rb8 34. Rxh7 Rxb5 0-1

[Event "Brandenburg-ch Seniors 17th"]
[Site "Rowy"]
[Date "2008.06.25"]
[Round "3"]
[White "Dembowski, Andrzej"]
[Black "Soltau, Achim"]
[Result "1/2-1/2"]
[WhiteElo "1916"]
[BlackElo "1847"]
[PlyCount "79"]
[EventDate "2008.06.23"]
[EventType "swiss"]
[EventRounds "9"]
[EventCountry "POL"]
[SourceTitle "EXT 2022"]
[Source "ChessBase"]
[SourceDate "2021.10.06"]
[SourceVersion "1"]
[SourceVersionDate "2021.10.06"]
[SourceQuality "1"]

1. Nf3 d5 2. g3 Nf6 3. Bg2 g6 4. d3 Bg7 5. 0-0 0-0 6. Nbd2 Nc6 7. a3 a5 8. a4 e5 9. e4 dxe4 10. dxe4 b6 11. c3 Ba6 12. Re1 Qe7 13. Nf1 Rfd8 14. N3d2 Rd7 15. Ne3 Rad8 16. Nd5 Qe6 17. Qc2 Ne7 18. c4 Nc6 19. b3 Nb4 20. Nxb4 axb4 21. Nf1 Bf8 22. Ne3 c6 23. Nf1 Bc5 24. Be3 Bxe3 25. Nxe3 Rd2 26. Qb1 Ng4 27. Nxg4 Qxg4 28. h3 Qd7 29. Bf1 Qd4 30. Re3 Rd1 31. Qxd1 Qxd1 32. Rxd1 Rxd1 33. Kg2 c5 34. Be2 Rd4 35. f3 Bc8 36. h4 f6 37. g4 h6 38. Kg3 Kf7 39. Bd3 Be6 40. Kf2 1/2-1/2

[Event "Brandenburg-ch Seniors 17th"]
[Site "Rowy"]
[Date "2008.06.23"]
[Round "2"]
[White "Joch, Horst"]
[Black "Dembowski, Andrzej"]
[Result "0-1"]
[WhiteElo "1652"]
[BlackElo "1916"]
[PlyCount "60"]
[EventDate "2008.06.23"]
[EventType "swiss"]
[EventRounds "9"]
[EventCountry "POL"]
[SourceTitle "EXT 2022"]
[Source "ChessBase"]
[SourceDate "2021.10.06"]
[SourceVersion "1"]
[SourceVersionDate "2021.10.06"]
[SourceQuality "1"]

1. e4 c5 2. Nf3 Nc6 3. d4 cxd4 4. Nxd4 Nf6 5. Nc3 e5 6. Nxc6 bxc6 7. Bc4 Be7 8. 0-0 0-0 9. Be3 Bb7 10. f3 d5 11. Qe2 dxc4 12. Rfd1 Qc7 13. Qxc4 Rfd8 14. Rxd8+ Qxd8 15. Qb3 Bc8 16. Rd1 Qc7 17. Qc4 Qb7 18. Qd3 Be6 19. b3 h6 20. Na4 Nd7 21. f4 exf4 22. Bxf4 Qb5 23. Qg3 Qh5 24. Qe1 Nc5 25. Nc3 Qg4 26. Bd6 Bxd6 27. Rxd6 Re8 28. b4 Nb7 29. Rd3 Qf4 30. a3 Qe5 0-1

[Event "POL-ch Seniors 18th"]
[Site "Rowy"]
[Date "2007.09.13"]
[Round "6.6"]
[White "Sidlo, Andrzej"]
[Black "Dembowski, Andrzej"]
[Result "1/2-1/2"]
[WhiteElo "2038"]
[BlackElo "1998"]
[PlyCount "57"]
[EventDate "2007.09.09"]
[EventType "swiss"]
[EventRounds "9"]
[EventCountry "POL"]
[SourceTitle "EXT 2023"]
[Source "ChessBase"]
[SourceDate "2022.10.05"]
[SourceVersion "1"]
[SourceVersionDate "2022.10.05"]
[SourceQuality "1"]

1. e4 c5 2. Nf3 Nc6 3. c3 e6 4. d4 cxd4 5. cxd4 d5 6. e5 Qb6 7. Nc3 Bd7 8. Be2 Bb4 9. 0-0 f6 10. a3 Bxc3 11. bxc3 fxe5 12. dxe5 Qc7 13. Bf4 Nge7 14. Re1 0-0 15. Bg3 Nf5 16. Bd3 Nce7 17. Qd2 Rac8 18. Rac1 h6 19. Nd4 Qc5 20. Bxf5 Nxf5 21. Nxf5 Rxf5 22. Qb2 b5 23. Qb4 a6 24. Kh1 Be8 25. f3 Bg6 26. Qxc5 Rxc5 27. Bf2 Rc4 28. Bd4 Rf7 29. Ra1 1/2-1/2

[Event "POL-ch Seniors 18th"]
[Site "Rowy"]
[Date "2007.09.12"]
[Round "5.4"]
[White "Dembowski, Andrzej"]
[Black "Lipski, Tadeusz"]
[Result "1/2-1/2"]
[WhiteElo "1998"]
[BlackElo "2150"]
[PlyCount "51"]
[EventDate "2007.09.09"]
[EventType "swiss"]
[EventRounds "9"]
[EventCountry "POL"]
[SourceTitle "EXT 2023"]
[Source "ChessBase"]
[SourceDate "2022.10.05"]
[SourceVersion "1"]
[SourceVersionDate "2022.10.05"]
[SourceQuality "1"]

1. g3 Nc6 2. Bg2 e5 3. e4 f5 4. d3 Nf6 5. Nd2 d5 6. exd5 Nxd5 7. Ngf3 Be7 8. 0-0 0-0 9. Re1 Bf6 10. Nc4 Re8 11. a3 Nb6 12. Nxb6 axb6 13. Rb1 Be6 14. b3 Bd5 15. Nd2 Bxg2 16. Kxg2 b5 17. Bb2 Qd5+ 18. Kg1 Re6 19. Qe2 Rae8 20. c4 bxc4 21. dxc4 Qd6 22. Ra1 Nd4 23. Bxd4 exd4 24. Qf1 f4 25. b4 fxg3 26. hxg3 1/2-1/2

[Event "POL-ch Seniors 18th"]
[Site "Rowy"]
[Date "2007.09.10"]
[Round "2.8"]
[White "Dembowski, Andrzej"]
[Black "Grabarczyk, Edmund"]
[Result "1-0"]
[WhiteElo "1998"]
[BlackElo "1563"]
[PlyCount "87"]
[EventDate "2007.09.09"]
[EventType "swiss"]
[EventRounds "9"]
[EventCountry "POL"]
[SourceTitle "EXT 2023"]
[Source "ChessBase"]
[SourceDate "2022.10.05"]
[SourceVersion "1"]
[SourceVersionDate "2022.10.05"]
[SourceQuality "1"]

1. Nf3 d5 2. g3 c5 3. Bg2 Nc6 4. d3 Nf6 5. 0-0 e6 6. Nbd2 b5 7. e4 Be7 8. Re1 a5 9. Ng5 0-0 10. f4 h6 11. Ngf3 Rb8 12. e5 Nd7 13. h4 f6 14. exf6 Nxf6 15. c3 Qc7 16. Qe2 Nh7 17. Bh3 Nd8 18. Ne5 Rf6 19. Ndf3 Nf8 20. Kh2 Ng6 21. Ng4 Rf8 22. h5 Nh8 23. Nge5 Bd6 24. Bd2 Qe7 25. d4 c4 26. b3 Qe8 27. g4 b4 28. bxc4 bxc3 29. Bxc3 Rxf4 30. cxd5 Qf8 31. Rf1 exd5 32. Nh4 Nc6 33. Ng2 Rf6 34. Kh1 Bxe5 35. dxe5 Rxf1+ 36. Rxf1 Qc5 37. Be1 d4 38. Bg3 Be6 39. Nf4 Bc4 40. Nd3 Qb5 41. Rd1 Nb4 42. a4 Qxa4 43. e6 Re8 44. Rd2 1-0

[Event "Brandenburg Seniors op 16th"]
[Site "Rowy"]
[Date "2007.06.25"]
[Round "7"]
[White "Dembowski, Andrzej"]
[Black "Scheide, Helmut"]
[Result "1/2-1/2"]
[WhiteElo "2011"]
[BlackElo "2005"]
[PlyCount "60"]
[EventDate "2007.06.18"]
[EventType "swiss"]
[EventRounds "9"]
[EventCountry "POL"]
[SourceTitle "EXT 2011"]
[Source "ChessBase"]
[SourceDate "2010.11.26"]
[SourceVersion "1"]
[SourceVersionDate "2010.11.26"]
[SourceQuality "1"]

1. e4 e5 2. Nf3 Nc6 3. d3 Nf6 4. Be2 Be7 5. 0-0 0-0 6. h3 h6 7. Nc3 d5 8. Nh2 dxe4 9. dxe4 Qxd1 10. Rxd1 Nd4 11. Bd3 c6 12. Be3 Nd7 13. Ne2 Ne6 14. c3 Bg5 15. Nf1 Ndc5 16. Bc2 b6 17. b4 Ba6 18. Rd2 Nb7 19. Bxg5 hxg5 20. Ne3 Rad8 21. Rad1 Bxe2 22. Rxe2 Rxd1+ 23. Bxd1 Rd8 24. g3 a5 25. Bb3 axb4 26. Bxe6 fxe6 27. cxb4 Rd4 28. Nc2 Rd1+ 29. Kg2 Nd6 30. Ne3 Rc1 1/2-1/2

[Event "Brandenburg Seniors op 16th"]
[Site "Rowy"]
[Date "2007.06.24"]
[Round "6"]
[White "Dembowski, Andrzej"]
[Black "Schmidt, Hans Juergen"]
[Result "1-0"]
[WhiteElo "2011"]
[BlackElo "2050"]
[PlyCount "79"]
[EventDate "2007.06.18"]
[EventType "swiss"]
[EventRounds "9"]
[EventCountry "POL"]
[SourceTitle "EXT 2011"]
[Source "ChessBase"]
[SourceDate "2010.11.26"]
[SourceVersion "1"]
[SourceVersionDate "2010.11.26"]
[SourceQuality "1"]

1. e4 e5 2. Nf3 Nc6 3. Bb5 Nf6 4. Bxc6 dxc6 5. Nc3 Bd6 6. d4 Qe7 7. dxe5 Bxe5 8. Nxe5 Qxe5 9. 0-0 0-0 10. f4 Qc5+ 11. Kh1 Be6 12. Qe1 Rae8 13. e5 Nd5 14. Ne4 Qxc2 15. f5 Bd7 16. f6 Rxe5 17. Qg3 g6 18. Qxe5 Re8 19. Qg5 Qxe4 20. Bd2 Ne3 21. Bxe3 Qxe3 22. Qxe3 Rxe3 23. Rad1 Be8 24. Rfe1 Re6 25. h4 Kf8 26. Rxe6 fxe6 27. g4 h6 28. g5 hxg5 29. hxg5 c5 30. Kg1 a5 31. Rd8 b5 32. Kf2 Kf7 33. Rc8 c6 34. Rc7+ Kf8 35. Ke3 a4 36. Ra7 Bf7 37. Ke4 c4 38. Ra8+ Be8 39. Kd4 e5+ 40. Kxe5 1-0

[Event "Brandenburg Seniors op 16th"]
[Site "Rowy"]
[Date "2007.06.19"]
[Round "2"]
[White "Dembowski, Andrzej"]
[Black "Strehlow, Horst"]
[Result "0-1"]
[WhiteElo "2011"]
[BlackElo "2104"]
[PlyCount "105"]
[EventDate "2007.06.18"]
[EventType "swiss"]
[EventRounds "9"]
[EventCountry "POL"]
[SourceTitle "EXT 2011"]
[Source "ChessBase"]
[SourceDate "2010.11.26"]
[SourceVersion "1"]
[SourceVersionDate "2010.11.26"]
[SourceQuality "1"]

1. g3 Nf6 2. Nf3 d5 3. Bg2 g6 4. 0-0 Bg7 5. d3 0-0 6. Nbd2 b6 7. c3 c5 8. Re1 Bb7 9. Qc2 Nc6 10. e4 e6 11. Nf1 Rc8 12. e5 Nd7 13. Bf4 Qc7 14. Qe2 a5 15. a4 Ba6 16. N1d2 Rb8 17. c4 Nb4 18. Nb1 h6 19. h4 Kh7 20. Nbd2 dxc4 21. dxc4 Rbd8 22. Ne4 Nb8 23. Nd6 N8c6 24. Rad1 Rd7 25. b3 Rfd8 26. Rd2 Nd5 27. Qe4 Nxf4 28. gxf4 Bf8 29. h5 Bxd6 30. hxg6+ fxg6 31. exd6 Rxd6 32. Rxd6 Rxd6 33. Nh4 Qf7 34. Re3 Qf6 35. Rg3 Rd1+ 36. Bf1 Ne7 37. Ng2 Nf5 38. Rh3 Bc8 39. Rd3 Rxd3 40. Qxd3 Qd4 41. Qf3 Bd7 42. Qb7 Qd6 43. Ne3 Qc6 44. Qa7 Nh4 45. Be2 h5 46. f3 Qd6 47. Kf1 Kh6 48. Qa8 Kg7 49. Qb7 Kf6 50. Nd1 Nf5 51. Nf2 Ng3+ 52. Kg2 Bc6 53. Qxb6 0-1

[Event "POL-ch disabled"]
[Site "Chotowa"]
[Date "2007.05.30"]
[Round "8.13"]
[White "Dembowski, Andrzej"]
[Black "Semeniuk, Adam"]
[Result "0-1"]
[WhiteElo "2011"]
[BlackElo "1996"]
[PlyCount "47"]
[EventDate "2007.05.26"]
[EventType "swiss"]
[EventRounds "9"]
[EventCountry "POL"]
[SourceTitle "EXT 2023"]
[Source "ChessBase"]
[SourceDate "2022.10.05"]
[SourceVersion "1"]
[SourceVersionDate "2022.10.05"]
[SourceQuality "1"]

1. Nf3 Nf6 2. g3 g6 3. Bg2 Bg7 4. 0-0 0-0 5. d3 d6 6. e4 e5 7. Nbd2 Nbd7 8. Ne1 c6 9. a4 b6 10. f4 exf4 11. gxf4 Bb7 12. Nc4 Qe7 13. Ne3 Rfe8 14. Bh3 Kh8 15. N1g2 Nf8 16. f5 g5 17. Ng4 h6 18. N2e3 N8d7 19. Bg2 Ne5 20. Nxf6 Bxf6 21. Kh1 Kg7 22. d4 Nd7 23. c3 Rh8 24. Qh5 0-1

[Event "POL-ch disabled"]
[Site "Chotowa"]
[Date "2007.05.28"]
[Round "3.4"]
[White "Dembowski, Andrzej"]
[Black "Strzelecki, Jerzy"]
[Result "1/2-1/2"]
[WhiteElo "2011"]
[BlackElo "2138"]
[PlyCount "59"]
[EventDate "2007.05.26"]
[EventType "swiss"]
[EventRounds "9"]
[EventCountry "POL"]
[SourceTitle "EXT 2023"]
[Source "ChessBase"]
[SourceDate "2022.10.05"]
[SourceVersion "1"]
[SourceVersionDate "2022.10.05"]
[SourceQuality "1"]

1. Nf3 c5 2. g3 Nc6 3. Bg2 e5 4. d3 d5 5. Nbd2 Nf6 6. 0-0 Be7 7. e4 0-0 8. c3 Be6 9. h3 h6 10. Qe2 d4 11. c4 g5 12. Ne1 Bd6 13. a3 Kg7 14. Rb1 Rg8 15. Nc2 a5 16. b3 Kf8 17. Nf3 Ra6 18. Bd2 Qe7 19. h4 Bg4 20. hxg5 hxg5 21. Qe1 Ne8 22. b4 axb4 23. axb4 Rb6 24. bxc5 Bxc5 25. Rxb6 Bxb6 26. Nh2 Bc8 27. Qe2 f6 28. Rb1 Bc5 29. f3 Rh8 30. Nf1 1/2-1/2

[Event "Raciborz op"]
[Site "Raciborz"]
[Date "2007.02.20"]
[Round "6"]
[White "Wiewiora, Eneasz"]
[Black "Dembowski, Andrzej"]
[Result "1-0"]
[WhiteElo "1876"]
[BlackElo "2020"]
[PlyCount "75"]
[EventDate "2007.02.17"]
[EventType "swiss"]
[EventRounds "9"]
[EventCountry "POL"]
[SourceTitle "EXT 2011"]
[Source "ChessBase"]
[SourceDate "2010.11.26"]
[SourceVersion "1"]
[SourceVersionDate "2010.11.26"]
[SourceQuality "1"]

1. e4 c5 2. c3 e5 3. Nf3 Nc6 4. Be2 d6 5. 0-0 Nf6 6. d3 Be7 7. Nbd2 0-0 8. Re1 Qc7 9. Nf1 Ne8 10. Ng3 g6 11. Bh6 Ng7 12. d4 a6 13. Qd2 Bg4 14. Rac1 b5 15. h3 Bc8 16. h4 f5 17. exf5 gxf5 18. Ng5 Bxg5 19. hxg5 Qf7 20. d5 Ne7 21. c4 b4 22. f4 Ng6 23. Bh5 Nxh5 24. Nxh5 Rd8 25. Nf6+ Kh8 26. g3 Ra7 27. b3 Re7 28. Qb2 a5 29. Rc2 Bd7 30. Rce2 a4 31. fxe5 dxe5 32. Rxe5 Nxe5 33. Rxe5 Bc8 34. Qe2 Ra7 35. d6 axb3 36. axb3 f4 37. Re7 Rxe7 38. dxe7 1-0